Goalhanger Podcasts - Statistics

General Stats
  • This quiz has been taken 22 times
    4 since last reset
  • The average score is 9 of 17
Answer Stats
Hosts Podcast % Correct
Gary Lineker, Micah Richards & Alan Shearer The Rest Is {Football}
100%
Tom Holland & Dominic Sandbrook The Rest Is {History}
100%
Alastair Campbell & Rory Stewart The Rest Is {Politics}
100%
Katty Kay & Anthony Scaramucci The Rest Is {Politics}: {US}
100%
Marina Hyde & Richard Osman The Rest Is {Entertainment}
75%
Steph McGovern & Robert Peston The Rest Is {Money}
75%
Hannah Fry & Michael Stevens The Rest Is {Science}
75%
Gordon Corera & David McCloskey The Rest Is {Classified}
50%
Patrick Bishop & Saul David Battleground
25%
Alexandra Hall Hall & Jason Pack Disorder
25%
Anita Anand & William Dalrymple Empire
25%
Sarah Churchwell & David Olusoga Journey Through Time
25%
Alastair Campbell & Rory Stewart Leading
25%
"John Watson" Sherlock & Co.
25%
Dominic Sandbrook & Tabitha Syrett The Book Club
25%
Millie Bright & Rachel Daly The Rest Is {Football}: {Daly} {Brightness}
25%
James Holland & Al Murray We Have Ways of Making You Talk
25%
No matching quizzes found
Score Distribution
Percent of People with Each Score
Percentile by Number Answered
Your Score History
You have not taken this quiz since the last reset